[Event "SVK-chT1W 2223"]
[Site "Slovakia"]
[Date "2023.03.12"]
[Round "11.6"]
[White "Lukacovic, Miroslav"]
[Black "Balogh, Peter1111"]
[Result "1/2-1/2"]
[WhiteElo "1969"]
[BlackElo "2077"]
[PlyCount "34"]
[EventDate "2022.10.15"]
[EventType "team-tourn"]
[EventRounds "11"]
[EventCountry "SVK"]
[SourceTitle "EXT 2024"]
[Source "ChessBase"]
[SourceDate "2023.10.10"]
[SourceVersion "1"]
[SourceVersionDate "2023.10.10"]
[SourceQuality "1"]
[WhiteTeam "Trnava Sered"]
[BlackTeam "Gabcikovo MSK"]
[WhiteTeamCountry "SVK"]
[BlackTeamCountry "SVK"]

1. d4 Nf6 2. c4 g6 3. Nc3 d5 4. Nf3 Bg7 5. e3 0-0 6. cxd5 Nxd5 7. Bc4 Nxc3 8. bxc3 c5 9. 0-0 Qc7 10. Qe2 Bg4 11. h3 Bxf3 12. gxf3 Nd7 13. f4 Rac8 14. Bd5 Nf6 15. Bg2 Rfd8 16. Ba3 b6 17. Rab1 Nd5 1/2-1/2

[Event "SVK-chT3A2 2223"]
[Site "Slovakia"]
[Date "2023.03.05"]
[Round "8.3"]
[White "Lukacovic, Miroslav"]
[Black "Kozinka, Roman"]
[Result "1/2-1/2"]
[WhiteElo "1969"]
[BlackElo "1911"]
[PlyCount "83"]
[EventDate "2022.10.16"]
[EventType "team-tourn"]
[EventRounds "9"]
[EventCountry "SVK"]
[SourceTitle "EXT 2024"]
[Source "ChessBase"]
[SourceDate "2023.10.10"]
[SourceVersion "1"]
[SourceVersionDate "2023.10.10"]
[SourceQuality "1"]
[WhiteTeam "Surovce"]
[BlackTeam "Modranka Komplet II"]
[WhiteTeamCountry "SVK"]
[BlackTeamCountry "SVK"]

1. d4 Nf6 2. g3 d6 3. Bg2 c6 4. c4 Nbd7 5. Nc3 e5 6. e3 Be7 7. Nge2 0-0 8. 0-0 Re8 9. Qc2 Rb8 10. b4 exd4 11. exd4 Nb6 12. Na4 Bg4 13. Nf4 Qd7 14. Nb2 Bf5 15. Qb3 h6 16. a4 g5 17. Nfd3 Bh3 18. a5 Na8 19. Nd1 Nc7 20. Bb2 Bxg2 21. Kxg2 Qg4 22. f3 Qh5 23. N1f2 d5 24. c5 Nd7 25. Ng4 f6 26. Rae1 Bf8 27. Ne3 Qg6 28. g4 Ne6 29. Nf5 Ng7 30. Nxg7 Bxg7 31. Nf2 Kf8 32. Nh1 f5 33. Qd3 Kf7 34. Ng3 f4 35. Nf5 Bf8 36. Bc3 a6 37. Qd2 h5 38. h3 h4 39. Rf2 Rxe1 40. Qxe1 Re8 41. Re2 Rxe2+ 42. Qxe2 1/2-1/2

[Event "SVK-chT2A 2223"]
[Site "Slovakia"]
[Date "2023.02.12"]
[Round "9.6"]
[White "Macka, Oto"]
[Black "Lukacovic, Miroslav"]
[Result "0-1"]
[WhiteElo "1930"]
[BlackElo "1928"]
[PlyCount "88"]
[EventDate "2022.10.08"]
[EventType "team-tourn"]
[EventRounds "11"]
[EventCountry "SVK"]
[SourceTitle "EXT 2024"]
[Source "ChessBase"]
[SourceDate "2023.10.10"]
[SourceVersion "1"]
[SourceVersionDate "2023.10.10"]
[SourceQuality "1"]
[WhiteTeam "Bratislava Doprastav II"]
[BlackTeam "Modranka Komplet"]
[WhiteTeamCountry "SVK"]
[BlackTeamCountry "SVK"]

1. d4 d5 2. c4 e5 3. dxe5 Ne7 4. Nf3 Nbc6 5. g3 Be6 6. cxd5 Qxd5 7. Qxd5 Nxd5 8. a3 h6 9. h4 0-0-0 10. b4 g6 11. Bb2 Bg7 12. Nbd2 Rhe8 13. b5 Na5 14. Bg2 Nb6 15. Bc3 Nac4 16. a4 Nd7 17. Nxc4 Bxc4 18. Rc1 Bb3 19. a5 Nxe5 20. Nxe5 Bxe5 21. 0-0 Bd5 22. b6 axb6 23. axb6 c6 24. e4 Bxe4 25. Bxe4 Bxc3 26. Bxc6 bxc6 27. Rxc3 Kb7 28. Rf3 f5 29. h5 Rd5 30. hxg6 Rg8 31. Rb1 Rxg6 32. Re3 Rb5 33. Rxb5 cxb5 34. Re5 Rxb6 35. Kf1 b4 36. Re2 Kc6 37. Ke1 Kd5 38. Kd2 b3 39. Kc1 Re6 40. Rd2+ Kc4 41. Rd8 Re2 42. f4 Kc3 43. Rc8+ Kd3 44. Rc5 Rc2+ 0-1

[Event "SVK-chT3A2 2223"]
[Site "Slovakia"]
[Date "2023.01.22"]
[Round "5.2"]
[White "Sebesta, Radovan"]
[Black "Lukacovic, Miroslav"]
[Result "0-1"]
[WhiteElo "1981"]
[BlackElo "1969"]
[PlyCount "54"]
[EventDate "2022.10.16"]
[EventType "team-tourn"]
[EventRounds "9"]
[EventCountry "SVK"]
[SourceTitle "EXT 2024"]
[Source "ChessBase"]
[SourceDate "2023.10.10"]
[SourceVersion "1"]
[SourceVersionDate "2023.10.10"]
[SourceQuality "1"]
[WhiteTeam "Senica SK"]
[BlackTeam "Surovce"]
[WhiteTeamCountry "SVK"]
[BlackTeamCountry "SVK"]

1. d4 d5 2. c4 e5 3. dxe5 Ne7 4. Nf3 Nbc6 5. g3 Be6 6. cxd5 Qxd5 7. Qxd5 Nxd5 8. a3 0-0-0 9. Bg2 h6 10. 0-0 g5 11. e4 Nb6 12. Nc3 Bg7 13. Re1 Nc4 14. Rb1 N6xe5 15. Nxe5 Bxe5 16. Nd5 c6 17. Ne3 Nd2 18. Bxd2 Rxd2 19. b4 Rhd8 20. b5 Ba2 21. Rbc1 Bb2 22. Rc5 Bxa3 23. Rf5 Be6 24. Rf6 cxb5 25. Rxh6 b4 26. Nd5 b3 27. Rb1 b2 0-1

[Event "SVK-chT3A2 2223"]
[Site "Slovakia"]
[Date "2022.12.04"]
[Round "3.2"]
[White "Skreno, Vladimir"]
[Black "Lukacovic, Miroslav"]
[Result "1-0"]
[WhiteElo "2068"]
[BlackElo "1945"]
[PlyCount "91"]
[EventDate "2022.10.16"]
[EventType "team-tourn"]
[EventRounds "9"]
[EventCountry "SVK"]
[SourceTitle "EXT 2024"]
[Source "ChessBase"]
[SourceDate "2023.10.10"]
[SourceVersion "1"]
[SourceVersionDate "2023.10.10"]
[SourceQuality "1"]
[WhiteTeam "Hlohovec"]
[BlackTeam "Surovce"]
[WhiteTeamCountry "SVK"]
[BlackTeamCountry "SVK"]

1. d4 d5 2. Nf3 Nf6 3. c4 c6 4. cxd5 cxd5 5. Nc3 Nc6 6. Bf4 a6 7. e3 Qb6 8. a3 Bg4 9. Na4 Qd8 10. b4 e6 11. Be2 Be7 12. 0-0 Nh5 13. Be5 Nxe5 14. Nxe5 Bxe2 15. Qxe2 Nf6 16. Rfc1 0-0 17. Rc2 Bd6 18. Nc5 Bxe5 19. dxe5 Nd7 20. Nxb7 Qb6 21. Na5 Nxe5 22. Rac1 Qb5 23. Kf1 Rfd8 24. Rc5 Qxe2+ 25. Kxe2 Kf8 26. f4 Ng4 27. Nb7 Rd7 28. Rc8+ Rxc8 29. Rxc8+ Ke7 30. Nc5 Ra7 31. h3 Nf6 32. Rc6 Ne4 33. Nxa6 Nd6 34. a4 Nc4 35. Nc5 Nb2 36. a5 Nc4 37. a6 Nd6 38. Kd3 Nb5 39. Rb6 Nd6 40. b5 Rc7 41. Nb3 Kd7 42. Rxd6+ Kxd6 43. b6 Rc6 44. a7 Rxb6 45. a8Q Rxb3+ 46. Kc2 1-0

[Event "SVK-chT2A 2122"]
[Site "Slovakia"]
[Date "2021.11.14"]
[Round "4.8"]
[White "Mrkvik, Jan"]
[Black "Lukacovic, Miroslav"]
[Result "0-1"]
[WhiteElo "1837"]
[BlackElo "1885"]
[PlyCount "78"]
[EventDate "2021.10.16"]
[EventType "team-tourn"]
[EventRounds "11"]
[EventCountry "SVK"]
[SourceTitle "EXT 2023"]
[Source "ChessBase"]
[SourceDate "2022.10.05"]
[SourceVersion "1"]
[SourceVersionDate "2022.10.05"]
[SourceQuality "1"]
[WhiteTeam "Bratislava Slovan IV"]
[BlackTeam "Trnava Sered"]
[WhiteTeamCountry "SVK"]
[BlackTeamCountry "SVK"]

1. Nf3 d5 2. g3 Nf6 3. Bg2 Nbd7 4. c4 e6 5. b3 g6 6. Bb2 Bg7 7. 0-0 0-0 8. d3 b6 9. Nc3 Bb7 10. Qc2 Rc8 11. Rad1 a6 12. Rfe1 c5 13. e3 Qc7 14. Ne2 Rfd8 15. Qb1 e5 16. cxd5 Bxd5 17. e4 Bb7 18. Qa1 Ne8 19. Bh3 f6 20. Be6+ Kh8 21. Nc3 Qd6 22. Bd5 Bxd5 23. Nxd5 Nc7 24. Nxc7 Rxc7 25. Ba3 Qe6 26. b4 cxb4 27. Bxb4 a5 28. Ba3 Rc2 29. d4 Qxa2 30. Qxa2 Rxa2 31. dxe5 Rxa3 32. e6 Rxf3 33. e7 Re8 34. Rxd7 Kg8 35. Rc1 Kf7 36. Rcc7 a4 37. Kg2 Rb3 38. f4 a3 39. Ra7 a2 0-1

[Event "SVK-chT2A 1920"]
[Site "Slovakia"]
[Date "2019.11.16"]
[Round "3.8"]
[White "Jelenciak, Jozef"]
[Black "Lukacovic, Miroslav"]
[Result "1/2-1/2"]
[WhiteElo "1895"]
[BlackElo "1903"]
[PlyCount "35"]
[EventDate "2019.10.26"]
[EventType "team-tourn"]
[EventRounds "11"]
[EventCountry "SVK"]
[SourceTitle "CBM 193 Extra"]
[Source "ChessBase"]
[SourceDate "2020.01.31"]
[SourceVersion "1"]
[SourceVersionDate "2020.01.31"]
[SourceQuality "1"]
[WhiteTeam "Bratislava Doprastav II"]
[BlackTeam "Trnava Sered"]
[WhiteTeamCountry "SVK"]
[BlackTeamCountry "SVK"]

1. e4 e6 2. d4 d5 3. Nd2 a6 4. Bd3 c5 5. c3 Nc6 6. Ne2 cxd4 7. cxd4 Nf6 8. e5 Ng8 9. 0-0 f6 10. exf6 Nxf6 11. Nf3 Bd6 12. Bg5 0-0 13. Nc3 Bd7 14. Rc1 Qe8 15. Re1 Qh5 16. Bxf6 Rxf6 17. Ne5 Be8 18. Qxh5 1/2-1/2

[Event "SVK-chT1W 1819"]
[Site "Slovakia"]
[Date "2018.11.24"]
[Round "3.6"]
[White "Lukacovic, Miroslav"]
[Black "Balogh, Peter1111"]
[Result "0-1"]
[WhiteElo "1912"]
[BlackElo "2046"]
[PlyCount "78"]
[EventDate "2018.10.27"]
[EventType "team-tourn"]
[EventRounds "11"]
[EventCountry "SVK"]
[SourceTitle "CBM 187 Extra"]
[Source "ChessBase"]
[SourceDate "2018.11.04"]
[SourceVersion "1"]
[SourceVersionDate "2018.11.04"]
[SourceQuality "1"]
[WhiteTeam "Trnava Sered"]
[BlackTeam "Gabcikovo MSK"]
[WhiteTeamCountry "SVK"]
[BlackTeamCountry "SVK"]

1. d4 Nf6 2. Nf3 g6 3. g3 Bg7 4. Bg2 d6 5. 0-0 0-0 6. Nbd2 Nbd7 7. e4 e5 8. d5 Nc5 9. Ne1 a5 10. Nd3 Nxd3 11. cxd3 b6 12. a4 Nd7 13. Qc2 Nc5 14. Nc4 f5 15. f3 h5 16. Bd2 h4 17. b4 axb4 18. Bxb4 hxg3 19. hxg3 Qg5 20. Bxc5 bxc5 21. Kf2 f4 22. g4 Qh4+ 23. Ke2 Qg3 24. Rf2 Bf6 25. Bh1 Bh4 26. Rg2 Qh3 27. a5 Bg3 28. Nd2 Rxa5 29. Rag1 Bd7 30. Qb2 Rfa8 31. Qb7 Bxg4 32. Qxc7 Ra2 33. Kd1 Bd7 34. Nf1 Ra1+ 35. Kc2 R8a2+ 36. Kc3 Be1+ 37. Kc4 Bb5+ 38. Kb3 Ba4+ 39. Kc4 Rc1+ 0-1

[Event "SVK-chT1W 1819"]
[Site "Slovakia"]
[Date "2018.10.27"]
[Round "1.8"]
[White "Foglar, Ivan"]
[Black "Lukacovic, Miroslav"]
[Result "0-1"]
[WhiteElo "1957"]
[BlackElo "1904"]
[PlyCount "88"]
[EventDate "2018.10.27"]
[EventType "team-tourn"]
[EventRounds "11"]
[EventCountry "SVK"]
[SourceTitle "CBM 187 Extra"]
[Source "ChessBase"]
[SourceDate "2018.11.04"]
[SourceVersion "1"]
[SourceVersionDate "2018.11.04"]
[SourceQuality "1"]
[WhiteTeam "Bratislava Lokomotiva"]
[BlackTeam "Trnava Sered"]
[WhiteTeamCountry "SVK"]
[BlackTeamCountry "SVK"]

1. e4 e6 2. d4 d5 3. e5 c5 4. Nf3 Nc6 5. Bd3 cxd4 6. 0-0 Qc7 7. Re1 Bb4 8. Nbd2 Nge7 9. a3 Ba5 10. b4 Bb6 11. Nf1 Ng6 12. Bxg6 hxg6 13. Bb2 Bd7 14. Ng3 Rc8 15. Rc1 a6 16. Qd2 Ba7 17. Qf4 Qd8 18. Ne2 b5 19. h3 Qe7 20. Nexd4 Nxd4 21. Bxd4 Bxd4 22. Nxd4 Rc3 23. Re3 Rc4 24. c3 Rh4 25. g4 Bc8 26. Rf3 Qc7 27. Nxb5 axb5 28. Qg3 Rh8 29. Rd1 Bb7 30. Rd4 Qc6 31. Kh2 g5 32. Rfd3 Qc7 33. Rxc4 bxc4 34. Re3 Qc6 35. f3 Ke7 36. Qe1 Ra8 37. h4 Rxa3 38. Qc1 Ra2+ 39. Kg3 gxh4+ 40. Kxh4 Qe8 41. Kg3 Qh8 42. Qg1 g5 43. f4 Qh4+ 44. Kf3 Qh3+ 0-1

[Event "SVK-chT4 A22 1819"]
[Site "Slovakia"]
[Date "2018.10.14"]
[Round "1.5"]
[White "Kosar, Mikulas1111"]
[Black "Lukacovic, Miroslav"]
[Result "0-1"]
[WhiteElo "1579"]
[BlackElo "1905"]
[PlyCount "46"]
[EventDate "2018.10.14"]
[EventType "team-tourn"]
[EventRounds "11"]
[EventCountry "SVK"]
[SourceTitle "EXT 2020"]
[Source "ChessBase"]
[SourceDate "2019.10.17"]
[SourceVersion "1"]
[SourceVersionDate "2019.10.17"]
[SourceQuality "1"]

1. e4 e6 2. d4 d5 3. e5 c5 4. Nf3 Nc6 5. Bb5 Qa5+ 6. Nc3 cxd4 7. Qxd4 Bb4 8. Bd2 Nge7 9. 0-0 Bd7 10. Qe3 Nf5 11. Qd3 Rc8 12. a3 Bxc3 13. Bxc3 Qc7 14. g4 Nfe7 15. Rfe1 h5 16. h3 Ng6 17. Qe2 Nf4 18. Qf1 hxg4 19. hxg4 Ng6 20. Kg2 d4 21. Nxd4 Ncxe5 22. Bxd7+ Nxd7 23. Nf3 Qf4 0-1

[Event "SVK-chT4 A22 1718"]
[Site "Slovakia"]
[Date "2018.02.25"]
[Round "10.6"]
[White "Lukacovic, Miroslav"]
[Black "Vegh, Vince"]
[Result "0-1"]
[WhiteElo "1903"]
[BlackElo "1899"]
[PlyCount "100"]
[EventDate "2017.10.01"]
[EventType "team-tourn"]
[EventRounds "11"]
[EventCountry "SVK"]
[SourceTitle "EXT 2020"]
[Source "ChessBase"]
[SourceDate "2019.10.17"]
[SourceVersion "1"]
[SourceVersionDate "2019.10.17"]
[SourceQuality "1"]

1. d4 d5 2. Bf4 e6 3. e3 Nf6 4. Bd3 Bd6 5. Bg3 0-0 6. Nd2 Re8 7. Ngf3 c5 8. c3 Nc6 9. Ne5 Bxe5 10. dxe5 Nd7 11. Bxh7+ Kxh7 12. Qh5+ Kg8 13. Nf3 Nf8 14. Bf4 Nh7 15. h4 f6 16. exf6 Nxf6 17. Qg6 e5 18. Bh6 Re7 19. h5 e4 20. Nh4 Ne5 21. Qg3 Qc7 22. Kf1 Nd3 23. Ng6 Rf7 24. Bf4 Nxf4 25. exf4 Bf5 26. Ne5 Re8 27. h6 Rxe5 28. fxe5 Ng4 29. e6 Bxe6 30. Qxc7 Rxc7 31. hxg7 Rf7 32. f3 exf3 33. gxf3 Rxf3+ 34. Ke1 Kxg7 35. Rg1 Kg6 36. Rg2 Kf5 37. Kd2 Kf4 38. Re1 Ne3 39. Rg7 Nc4+ 40. Kc1 Bf5 41. Rgg1 Ne3 42. Kd2 Nc4+ 43. Kc1 Ne3 44. Kd2 c4 45. Re2 Bd3 46. Ree1 Rf2+ 47. Kc1 Rc2+ 48. Kb1 Rg2+ 49. Kc1 Rc2+ 50. Kb1 Rxc3+ 0-1

[Event "SVK-chT2B 1718"]
[Site "Slovakia"]
[Date "2018.01.14"]
[Round "6.8"]
[White "Prvy, Peter"]
[Black "Lukacovic, Miroslav"]
[Result "1/2-1/2"]
[WhiteElo "1738"]
[BlackElo "1910"]
[PlyCount "104"]
[EventDate "2017.10.28"]
[EventType "team-tourn"]
[EventRounds "11"]
[EventCountry "SVK"]
[SourceTitle "EXT 2019"]
[Source "ChessBase"]
[SourceDate "2018.10.10"]
[SourceVersion "1"]
[SourceVersionDate "2018.10.10"]
[SourceQuality "1"]
[WhiteTeam "Topolcany"]
[BlackTeam "Sala Slovan Duslo"]
[WhiteTeamCountry "SVK"]
[BlackTeamCountry "SVK"]

1. d4 d5 2. c4 e5 3. dxe5 d4 4. Nf3 Nc6 5. e3 Bb4+ 6. Bd2 dxe3 7. fxe3 Bg4 8. Be2 Bxf3 9. Bxf3 Qh4+ 10. g3 Qxc4 11. Bxc6+ Qxc6 12. 0-0 Bxd2 13. Qxd2 Rd8 14. Qb4 Ne7 15. Nc3 Qb6 16. Qxb6 axb6 17. Nb5 0-0 18. Nxc7 Rd2 19. Rf2 Rfd8 20. Raf1 Rxf2 21. Rxf2 Nc6 22. e6 f6 23. Nb5 Kf8 24. Nc3 Ke7 25. Na4 Kxe6 26. Nxb6 Rd3 27. Re2 Ne5 28. h3 f5 29. Na4 Rd1+ 30. Kg2 Kd6 31. Nc3 Rd3 32. Nb5+ Kd5 33. Kf2 Nc4 34. Nc3+ Ke5 35. e4 Nxb2 36. exf5+ Kxf5 37. Rxb2 Rxc3 38. Rxb7 Rc2+ 39. Ke3 Rxa2 40. Rxg7 Ra3+ 41. Kd4 Kf6 42. Rg8 Kf7 43. Rg4 Ra4+ 44. Ke5 Ra5+ 45. Kf4 h6 46. h4 Ra4+ 47. Kf3 Rxg4 48. Kxg4 Kg6 49. h5+ Kf6 50. Kf4 Ke6 51. Ke4 Kf6 52. g4 Ke6 1/2-1/2

[Event "SVK-chT2B 1718"]
[Site "Slovakia"]
[Date "2018.01.13"]
[Round "5.8"]
[White "Vanya, Attila"]
[Black "Lukacovic, Miroslav"]
[Result "0-1"]
[WhiteElo "1770"]
[BlackElo "1910"]
[PlyCount "80"]
[EventDate "2017.10.28"]
[EventType "team-tourn"]
[EventRounds "11"]
[EventCountry "SVK"]
[SourceTitle "EXT 2019"]
[Source "ChessBase"]
[SourceDate "2018.10.10"]
[SourceVersion "1"]
[SourceVersionDate "2018.10.10"]
[SourceQuality "1"]
[WhiteTeam "Nove Zamky"]
[BlackTeam "Sala Slovan Duslo"]
[WhiteTeamCountry "SVK"]
[BlackTeamCountry "SVK"]

1. e4 e6 2. d4 d5 3. exd5 exd5 4. Nf3 Bg4 5. Be2 Nc6 6. 0-0 Nge7 7. Bf4 f6 8. c3 Qd7 9. a4 g5 10. Bg3 0-0-0 11. Nbd2 Nf5 12. b4 Bd6 13. Bxd6 Nxd6 14. a5 Ne7 15. Qc2 Ng6 16. Nb3 Nf4 17. Rfe1 Rde8 18. Nc5 Qf7 19. Ne5 Nxe2+ 20. Rxe2 fxe5 21. Rxe5 Rxe5 22. dxe5 Nc4 23. b5 Qe7 24. Nb3 Qxe5 25. Nd4 Re8 26. h3 Bd7 27. b6 a6 28. bxc7 Qxc7 29. Qxh7 Nxa5 30. Nf5 Nc6 31. Qg6 Kb8 32. Qxg5 Re5 33. Qg8+ Ka7 34. Nd4 Nxd4 35. cxd4 Qc3 36. Rd1 Rf5 37. g4 Qf3 38. gxf5 Qxd1+ 39. Kg2 Qxd4 40. f6 Qxf6 0-1

[Event "SVK-chT2B 1718"]
[Site "Slovakia"]
[Date "2017.11.26"]
[Round "4.7"]
[White "Batora, Matej"]
[Black "Lukacovic, Miroslav"]
[Result "1-0"]
[WhiteElo "1943"]
[BlackElo "1910"]
[PlyCount "27"]
[EventDate "2017.10.28"]
[EventType "team-tourn"]
[EventRounds "11"]
[EventCountry "SVK"]
[SourceTitle "CBM 181 Extra"]
[Source "ChessBase"]
[SourceDate "2017.12.12"]
[SourceVersion "1"]
[SourceVersionDate "2017.12.12"]
[SourceQuality "1"]
[WhiteTeam "Tlmace"]
[BlackTeam "Sala Slovan Duslo"]
[WhiteTeamCountry "SVK"]
[BlackTeamCountry "SVK"]

1. e4 e6 2. d4 d5 3. Nd2 Nf6 4. e5 Nfd7 5. Bd3 c5 6. c3 Nc6 7. Ne2 f6 8. Nf4 Qe7 9. Qh5+ Kd8 10. Nf3 cxd4 11. cxd4 Nxd4 12. Nxd4 Qb4+ 13. Bd2 Qxb2 14. Rb1 1-0

[Event "SVK-chT2A 1617"]
[Site "Slovakia"]
[Date "2017.03.11"]
[Round "10.8"]
[White "Lukacovic, Miroslav"]
[Black "Meszaros, Laszlo"]
[Result "1-0"]
[WhiteElo "1968"]
[BlackElo "1614"]
[PlyCount "53"]
[EventDate "2016.10.08"]
[EventType "team-tourn"]
[EventRounds "11"]
[EventCountry "SVK"]
[SourceTitle "EXT 2018"]
[Source "ChessBase"]
[SourceDate "2017.10.13"]
[SourceVersion "1"]
[SourceVersionDate "2017.10.13"]
[SourceQuality "1"]
[WhiteTeam "Sered MSK"]
[BlackTeam "Senec"]
[WhiteTeamCountry "SVK"]
[BlackTeamCountry "SVK"]

1. d4 d5 2. Nf3 c6 3. Bf4 Nf6 4. c3 Nbd7 5. e3 Ne4 6. Nbd2 Ndf6 7. Bd3 Bg4 8. Qb3 Bc8 9. Bxe4 Nxe4 10. Nxe4 dxe4 11. Ng5 Qd5 12. Qc2 f5 13. Qe2 h5 14. Be5 Be6 15. b3 Bg8 16. 0-0 e6 17. Rfd1 Qd8 18. h4 Qd7 19. c4 Bd6 20. c5 Bc7 21. g3 0-0-0 22. b4 Bxe5 23. dxe5 Qe7 24. Rd6 Bf7 25. Rad1 Rhe8 26. R1d2 Bg8 27. Qxh5 1-0

[Event "SVK-chT2A 1617"]
[Site "Slovakia"]
[Date "2016.12.04"]
[Round "6.6"]
[White "Lukacovic, Miroslav"]
[Black "Planka, Peter"]
[Result "1/2-1/2"]
[WhiteElo "1978"]
[BlackElo "1786"]
[PlyCount "151"]
[EventDate "2016.10.08"]
[EventType "team-tourn"]
[EventRounds "11"]
[EventCountry "SVK"]
[SourceTitle "EXT 2018"]
[Source "ChessBase"]
[SourceDate "2017.10.13"]
[SourceVersion "1"]
[SourceVersionDate "2017.10.13"]
[SourceQuality "1"]
[WhiteTeam "Sered MSK"]
[BlackTeam "Skalica"]
[WhiteTeamCountry "SVK"]
[BlackTeamCountry "SVK"]

1. d4 Nf6 2. c4 e6 3. Nf3 b6 4. g3 Bb7 5. Bg2 Be7 6. b3 0-0 7. 0-0 d5 8. Bb2 Nbd7 9. Nbd2 c6 10. Re1 Rc8 11. Rc1 Re8 12. Ne5 Nxe5 13. dxe5 Nd7 14. Nf3 Bb4 15. Nd2 Qe7 16. e3 Red8 17. cxd5 cxd5 18. Ra1 Bc3 19. Bxc3 Rxc3 20. Rc1 Rxc1 21. Qxc1 Nxe5 22. Qc3 f6 23. f4 Rc8 24. Qd4 Nc6 25. Qb2 Qc5 26. a3 Ne7 27. b4 Qc3 28. Qxc3 Rxc3 29. Nb1 Rc2 30. Bf1 Kf7 31. Bd3 Rc7 32. Kf2 g6 33. Ke2 Nc8 34. Kd2 Nd6 35. Nc3 Bc6 36. Rd1 Be8 37. Rc1 Nc4+ 38. Bxc4 Rxc4 39. Re1 Rc7 40. Rc1 Bd7 41. Re1 h6 42. h4 f5 43. Rg1 Kf6 44. Rh1 Be8 45. Rc1 Kg7 46. Rh1 Rb7 47. Rc1 Rc7 48. Rh1 a6 49. Rc1 Bb5 50. Rb1 Bc4 51. Na4 Rc6 52. Rc1 Rd6 53. Nb2 b5 54. Kc3 Kf6 55. Kd4 Ke7 56. Nd1 a5 57. bxa5 Ra6 58. Kc5 Rxa5 59. Rc3 Ra8 60. Nb2 Rc8+ 61. Kd4 Kd6 62. Nd3 Rb8 63. Ne5 h5 64. Rc1 Ra8 65. Rc3 Ra4 66. Nd3 Bxd3+ 67. Kxd3 Rc4 68. Kd2 Rxc3 69. Kxc3 Kc5 70. Kb3 Kc6 71. Kb4 Kb6 72. Kc3 Ka5 73. Kb3 Ka6 74. Kb4 Kb6 75. Kc3 Kc5 76. Kb3 1/2-1/2

[Event "SVK-chT2A 1617"]
[Site "Slovakia"]
[Date "2016.12.03"]
[Round "5.8"]
[White "Lukacovic, Miroslav"]
[Black "Ulehla, Jakub"]
[Result "1-0"]
[WhiteElo "1978"]
[BlackElo "1616"]
[PlyCount "37"]
[EventDate "2016.10.08"]
[EventType "team-tourn"]
[EventRounds "11"]
[EventCountry "SVK"]
[SourceTitle "EXT 2018"]
[Source "ChessBase"]
[SourceDate "2017.10.13"]
[SourceVersion "1"]
[SourceVersionDate "2017.10.13"]
[SourceQuality "1"]
[WhiteTeam "Sered MSK"]
[BlackTeam "Osuske II"]
[WhiteTeamCountry "SVK"]
[BlackTeamCountry "SVK"]

1. d4 Nf6 2. c4 g6 3. Nc3 Bg7 4. e4 d6 5. Nge2 Nc6 6. d5 Ne5 7. f4 Ned7 8. Be3 c6 9. h3 0-0 10. Qd2 cxd5 11. cxd5 a6 12. g4 Qc7 13. Ng3 Nc5 14. Rc1 b6 15. Be2 Bd7 16. b4 Nb7 17. g5 Ne8 18. Na4 Qd8 19. Nxb6 1-0